The sword of honour trilogy
Gardado en:
| Autor Principal: | |
|---|---|
| Formato: | Libro |
| Publicado: |
London
David Camplell Publishers
1994
|
| Series: | Everyman's Library
|
| Những chủ đề: | |
| Các nhãn: |
Engadir etiqueta
Sen Etiquetas, Sexa o primeiro en etiquetar este rexistro!
|
| Thư viện lưu trữ: | Trung tâm Học liệu Lê Vũ Hùng, Trường Đại học Đồng Tháp |
|---|
| LEADER | 00755pam a22002418a 4500 | ||
|---|---|---|---|
| 001 | 00025221 | ||
| 005 | 20171026081023.0 | ||
| 008 | 110801s1994 |||||| sd | ||
| 020 | # | # | |a 1857151739 |
| 041 | 0 | # | |a eg |
| 082 | 1 | # | |a 823 |b TH200S |
| 100 | 1 | # | |a Waugh, Evelyn |
| 245 | 1 | 4 | |a The sword of honour trilogy |c Evelyn Waugh; with an introduction by Frank Kermode |
| 260 | # | # | |a London |b David Camplell Publishers |c 1994 |
| 300 | # | # | |c 20 cm. |a xlix, 710 p. |
| 490 | 0 | # | |a Everyman's Library |
| 650 | |a Anh | ||
| 650 | |a Tiểu thuyết | ||
| 650 | |a Văn học hiện đại | ||
| 852 | # | # | |b Kho đọc |j KD.0008318 |
| 852 | # | # | |j KD.0008318 |
| 910 | |d 01/08/2011 | ||
| 980 | # | # | |a Trung tâm Học liệu Lê Vũ Hùng, Trường Đại học Đồng Tháp |


